000 00361pab a2200145 454500
008 180718b1991 xxu||||| |||| 00| 0 eng d
100 _aRajimwale, Anil
245 _aForeign policy
_bReorientation is need of the hour
260 _c1991
300 _a19-20
362 _a21 Sept.
650 _aIndia - Foreign Policy
773 _aMainstream
909 _a10827
999 _c10827
_d10827